| 000 | 01399cam a2200409 i 4500 | ||
|---|---|---|---|
| 999 |
_c200453165 _d71377 |
||
| 001 | 200453165 | ||
| 003 | TR-AnTOB | ||
| 005 | 20230526092250.0 | ||
| 007 | ta | ||
| 008 | 170204s2016 tu ah b 001 0 tur d | ||
| 010 | _a 2016356782 | ||
| 020 |
_a9786051553634 _q(paperback) |
||
| 020 |
_a6051553630 _q(paperback) |
||
| 035 | _a(OCoLC)ocn958925055 | ||
| 035 | _a(TR-AnTOB)200453165 | ||
| 040 |
_aSTF _beng _erda _cSTF _dSTF _dOCLCF _dIUL _dYUS _dDLC _dTR-AnTOB |
||
| 041 | 0 | _atur | |
| 043 | _aa-tu--- | ||
| 050 | 0 | 4 |
_aJC393 _b.K5775 2016 |
| 090 |
_aJC393 _b.K5775 2016 |
||
| 100 | 1 |
_aKırpık, Cevdet, _d1971- _eauthor _9142017 |
|
| 245 | 1 | 0 |
_aOsmanlı'da şehzade eğitimi / _cDoç. Dr. Cevdet Kırpık. |
| 264 | 1 |
_aİstanbul : _bÖtüken, _c2016. |
|
| 300 |
_a232 pages : _billustrations, facsimiles ; _c20 cm |
||
| 336 |
_atext _btxt _2rdacontent |
||
| 337 |
_aunmediated _bn _2rdamedia |
||
| 338 |
_avolume _bnc _2rdacarrier |
||
| 490 | 0 |
_aKültür serisi ; _v653 |
|
| 504 | _aBIBINDX | ||
| 650 | 7 |
_aPrenslerin eğitimi _zTürkiye _xTarih _2etuturkob _9122593 |
|
| 650 | 7 |
_aPrensler _zTürkiye _2etuturkob _9142018 |
|
| 651 | 7 |
_aTürkiye _xKrallar ve hükümdarlar _2etuturkob _96964 |
|
| 651 | 0 |
_aTürkiye _xSaray ve saraylılar _2etuturkob _954237 |
|
| 651 | 7 |
_aTürkiye _xSaray ve saraylılar _xSosyal yaşam ve gelenekler _2etuturkob _954237 |
|
| 942 |
_2lcc _cBK |
||